000 00460nam a22001697a 4500
999 _c525812
_d525812
003 NUST
020 _c(Hbk)
038 _aM. Shaban
082 _a378.09
_bRAS
100 _aRashid, Saeed
_916757
245 _aDastan e elm o amal /
_cSaeed Rashid
260 _aJehlum :
_bAlamgirians Association Military Collage
300 _a288 p. ;
880 _6100-01\r
_aسعید راشد
880 _6245-02\r
_aداستانِ علم و عمل /
942 _2ddc
_cBK